000 00615nam a2200193Ii 4500
003 JO-AjNU
008 230605s9999||||xx |||||||||||||| ||und||
040 _aJO-AjNU
_bara
_erda
_cJO-AjNU
041 _aara
050 1 4 _aHS3308.B3812 1992
100 3 _aتأليف باول، اللورد بان ؛ تعريب رشيد شقير,
_eauthor
_940027
245 0 0 _aدليل القائد
264 3 1 _aبيروت: مكتبة المعارف، 1992
300 _a122ص
336 _atext
_btxt
_2rdacontent
337 _aunmediated
_bn
_2rdamedia
338 _avolume
_bnc
_2rdacarrier
650 4 _aالكشافة
_940028
999 _aA16953
_c20521
_d20521